Macbeth quotes - Statistics

General Stats
  • This quiz has been taken 8 times
  • The average score is 10 of 36
Answer Stats
Hint Answer % Correct
act 1 'Brave Macbeth- well he deserves that name'
100%
'and pity like a newborn babe'
50%
'brandished steel which smoked with bloody execution'
50%
'but bear-like I must fight the course'
50%
'disdaining fortune'
50%
'for none of woman born shall harm macbeth'
50%
'if chance may crown me'
50%
'it is too full of the milk of human kindness'
50%
'look on't again I dare not'
50%
'my seated heart knock at my ribs'
50%
'nature seems dead and wicked dreams abuse'
50%
'O' full of scorpions is my mind dear wife'
50%
shakes so my single state of man'
50%
act 5 'she should have died hereafter'
50%
'terrible dreams that shake us nightly'
50%
act 3 'we have scorched the snake, not killed it'
50%
'we will proceed no further with this business'
50%
act 2 'will all Great Neptunes ocean wash this blood clean from my hand? no'
50%
'against his murderer shut the door, not bear the knife myself'
0%
'all hail Macbeth, all hail thee Thane of Glamis'
0%
'a poor player that frets his hour upon the stage'
0%
act 4 'be bloody, bold and resolute'
0%
'give to our tables meat'
0%
'heard a voice cry Sleep no more! Macbeth doth murder sleep'
0%
'here may you see the tyrant'
0%
'I am in blood steeped in so far that I should wade no more'
0%
'I dare do all this because I am a man'
0%
'ill not fight with thee'
0%
'it is a tale told my an idiot...signifying nothing'
0%
'let not light see my black and deep desires'
0%
O' worthiest cousin'
0%
'pity like a newborn babe, striding the blast'
0%
'proceedings from the heat oppressed brain'
0%
'stars hide your fires'
0%
'to be thus is nothing but to be safely thus'
0%
'who's hands are these'
0%
No matching quizzes found
Score Distribution
Percent of People with Each Score
Percentile by Number Answered
Your Score History
You have not taken this quiz